000 00769nam a2200265Ia 4500
003 OSt
005 20220926014425.0
006 a|||||r|||| 00| 0
007 ta
008 220923b |||||||| |||| 00| 0 eng d
020 _a0070353093
037 _cGeneral Book
040 _aRTL
_cRTL
_beng
041 _2eng
_aeng
082 _aU, L4
100 _aKolars John F
_994825
245 0 _aGeography
_b The study of locaiton culture and envir
260 _aNew York
_bMcGraw Hill USA
_c1974
300 _axix, 448p. Bib at the end of each part
_ccm.
490 _aMcGraw Hill series in geography
650 _aGeography
700 _a Nystuen John D
942 _hU, L4
_cGB
_2CC
999 _c629003
_d629003